Science Quiz

Random Science Quiz

Baltimore Water Supply and Distribution System (Copy) Quiz Stats

Quiz not verified by Sporcle

Challenge
Share
Tweet
Embed
Score 0/51 Timer 05:00
0 Plays Today
% Correct
Montebello I & II WTP
92.3%
Ashburton WTP
92.3%
Montebello I & II WTP
84.6%
Sherwood Tank
84.6%
Sparks Tank
84.6%
Loch Raven Reservoir
84.6%
Reisterstown Tank
84.6%
Colgate PS
84.6%
Colgate Tank
84.6%
Fullerton 2 PS
76.9%
Catonsville PS
76.9%
Towson PS
76.9%
Falls PS
76.9%
Cub Hill Tank
76.9%
Deer Park Tank
76.9%
Curtis Bay Tank
76.9%
Fullerton WTP
76.9%
Chapel Hill Tank
76.9%
Hillen PS
76.9%
Fullerton 3 PS
76.9%
Cromwell PS
69.2%
Pikesville I & II PS
69.2%
Pleasant Hill PS
69.2%
Sherwood PS
69.2%
Sparks PS
69.2%
Lake Ashburton
69.2%
% Correct
Catonsville Reservoir
69.2%
Springdale Tank
69.2%
Chartley Tank
69.2%
Druid Lake
69.2%
Liberty Reservoir
69.2%
Pertty Boy Reservoir
69.2%
Perry Hall Tank
69.2%
Rolling Road Tank
69.2%
Pleasant Hill Tanks
69.2%
Randallstown Tanks
69.2%
Falls Tank
69.2%
Spring Lake Tank
69.2%
Vernon PS
69.2%
Guilford PS
69.2%
Stratford PS
61.5%
Dorchester Tank
61.5%
Stratford Tank
61.5%
Guilford Reservoir
61.5%
Abingdon Tap
61.5%
Ashburton PS
53.8%
Melvin Tank
53.8%
Mays Chapel Reservoir
53.8%
Owings Mills Reservoir
46.2%
Towson Reservoir
30.8%
Pikesville Tanks
23.1%

You're not logged in!

Compare scores with friends on all Sporcle quizzes.
Sign Up with Email
OR
Log In

You Might Also Like...

Show Comments

Extras

Top Quizzes Today


Score Distribution

Your Account Isn't Verified!

In order to create a playlist on Sporcle, you need to verify the email address you used during registration. Go to your Sporcle Settings to finish the process.

Report this User

Report this user for behavior that violates our Community Guidelines.

Details: